AH International Schools' Libraries

Normal view MARC view
  • Encouragement

Entry Topical Term

Number of records used in: 1

001 - CONTROL NUMBER

  • control field: 504

003 - CONTROL NUMBER IDENTIFIER

  • control field: OSt

005 - DATE AND TIME OF LATEST TRANSACTION

  • control field: 20101130141704.0

008 - FIXED-LENGTH DATA ELEMENTS

  • fixed length control field: 101130|||a|||||| | ||| d

040 ## - CATALOGING SOURCE

  • Original cataloging agency: OSt
  • Transcribing agency: OSt

150 ## - HEADING--TOPICAL TERM

  • Topical term or geographic name as entry element: Encouragement
  • General subdivision: Religious aspects
  • General subdivision: Christianity.

670 ## - SOURCE DATA FOUND

  • Source citation: Work cat.: (OSt)0: Littauer, Florence, 1928- 503, Silver boxes :, c1989.

670 ## - SOURCE DATA FOUND

  • Source citation: Work cat.: (OSt)0: Littauer, Florence, 1928- 503, Silver boxes :, c1989.

For any Logos Library related questions please contact Miss Art at swongnarasuk@asianhope.org.

For any Asian Hope Library related questions please contact Miss Raza at graza@asianhope.org.

Click here to explore our ebooks!

Powered by Koha